000 00816nam a2200265 i 4500
001 17301
003 ES-MaACL
005 20250610152235.0
007 t|
008 010126s1999 sp ||||1| spa d
020 _a84-8323-121-2
080 _a78 Bach, Johann Sebastian (1685-1750)
080 _a92 Bach, Johann Sebastian (1685-1750)
245 0 0 _aVida de Bach /
_cJohn Butt (ed.) ; traducción de María Condor.
250 _a1ª ed.
260 _aMadrid :
_bCambridge University Press,
_c2000.
300 _a384 p. :
_bil. ;
_c22 cm.
490 1 _aMúsica
600 0 4 _aBach, Johann Sebastian,
_d1685-1750
_924454
700 1 _aButt, John.
_932960
700 1 _aCóndor Orduña, María.
_940150
830 0 _aMúsica
_9228703
852 _aES-MaACL
_jL-24178
_bR.129230
999 _c17301
_d17301